Lotus 1-2-3, 4.0 for Windows / (Record no. 14251)

000 -LEADER
fixed length control field 00549cam a2200193 a 4500
020 ## - INTERNATIONAL STANDARD BOOK NUMBER
ISBN 0911625755 (alk. paper) :
040 ## - CATALOGING SOURCE
Transcribing agency DLC
082 00 - DEWEY DECIMAL CLASSIFICATION NUMBER
Classification number 650 MUR 1994 A050 Or.
100 1# - MAIN ENTRY--AUTHOR NAME
Personal name Prince, Anne.
245 14 - TITLE STATEMENT
Title Lotus 1-2-3, 4.0 for Windows /
260 ## - PUBLICATION, DISTRIBUTION, ETC. (IMPRINT)
Place of publication Fresno, Calif. :
Name of publisher M. Murach,
Year of publication c1994.
300 ## - PHYSICAL DESCRIPTION
Number of Pages x, 477 p. :
Other physical details ill. ;
Dimensions 24 cm.
500 ## - GENERAL NOTE
General note At head of title: The essential guide.
500 ## - GENERAL NOTE
General note Cover title: 1-2-3 for Windows.
500 ## - GENERAL NOTE
General note Includes index.
650 #0 - SUBJECT ADDED ENTRY--TOPICAL TERM
Topical Term Business
650 #0 - SUBJECT ADDED ENTRY--TOPICAL TERM
Topical Term Electronic spreadsheets.
942 ## - ADDED ENTRY ELEMENTS (KOHA)
Koha item type សៀវភៅភាសាអង់គ្លេស
952 ## - LOCATION AND ITEM INFORMATION (KOHA)
Withdrawn status [LOCAL, KOHA] 0
Holdings
Permanent Location Date acquired Koha item type Lost status Shelving location Barcode Current Location Full call number
Library Block A2017-10-11សៀវភៅភាសាអង់គ្លេស A050A16101Library Block A650 MUR 1994 A050 Or.
មជ្ឈមណ្ឌលឯការនៃសាកលវិទ្យាល័យភូមិន្ទកសិកម្មចំការដូង

Powered by Koha